00703cam a2200193 a 45000010006000000050017000060080041000230200017000640400018000810820023000992450066001222600046001883000018002345000123002527000020003759420006003959520095004019990013004965136220240216035745.0930625s1993 ii b 001 0 eng  a8122003036 : aDLCcDLCdDLC00a320.495.221bSRI.00aSri Lanka, problems of governance /cedited by K.M. de Silva. aDelhi, India :bKonark Publishers,c1993. axvi, 425 p. ; a"Under the auspices of Centre for Policy Research, New Delhi, and International Centre for Ethnic Studies, Sri Lanka."1 aDe Silva, K. M. cL 001040708LaWERCLbWERCLd2024-02-16l0o320.495. SRI.p3241r2024-02-16w2024-02-16yL c413d413